Most expensive football transfers - Goalkeepers - 2023-2024 Season - Statistics

General Stats
  • This quiz has been taken 42 times
  • The average score is 8 of 10
Answer Stats
Fee (M €) Nationality Left Joined Player % Correct
50,20 Cameroon Inter Manchester United André Onana
98%
18,50 France / Senegal Chelsea Al-Ahli Edouard Mendy
93%
21,00 Morocco Sevilla FC Al-Hilal Bono
88%
28,70 Spain Brighton Chelsea Robert Sánchez
83%
17,50 England Manchester United Crystal Palace Dean Henderson
80%
18,50 Italy FC Empoli Tottenham Guglielmo Vicario
80%
20,00 Netherlands RSC Anderlecht Brighton Bart Verbruggen
63%
18,00 Serbia New England Chelsea Djordje Petrovic
63%
13,00 Netherlands SC Freiburg Brentford Mark Flekken
63%
17,30 England Manchester City U21 Burnley James Trafford
55%
No matching quizzes found
Score Distribution
Percent of People with Each Score
Percentile by Number Answered
Your Score History
You have not taken this quiz